000 00871nam a2200241 i 4500
003 DO-SdBNP
005 20241022090436.0
007 ta
008 230601t2010 dr a||||r|||| 00| pdspa d
040 _aDO-SdBNP
_bspa
_cBNPHU
_erda
082 4 _bD542c
_222
100 _aDíaz Campusano, Julio,
_eautor
_4aut.
_985076
245 1 0 _aCanto de amor y esperanza /
_cJulio Díaz Campusano ; prólogo, Alfonso Torres Ureña
264 4 _aSanto Domingo :
_bEditora Leo Antillas,
_c©2010
300 _a132 páginas :
_bIlustraciones, fotografía,
_c21 cm.
336 _atexto
_btxt
_2rdaconten
337 _asin medición
_bn
_2rdamedia
338 _avolumen
_bnc
_2rdacarrier
500 _aIncluye datos biográficos del autor en la solapa de la contracubierta
590 _aInventariado 2023 / MF
700 1 _aTorres Ureña, Alfonso,
_eprologuista
_4pr.
_983494
942 _2ddc
_cLBS1
999 _c53691
_d53691